[Event "Cusco zt 2.4"]
[Site "Cusco"]
[Date "2025.02.02"]
[Round "9"]
[White "Condori Lima, Baruc Sami"]
[Black "Nunez Castaneda, Joaquin Alonso"]
[Result "1-0"]
[WhiteElo "1829"]
[BlackElo "1495"]
[PlyCount "73"]
[EventDate "2025.01.28"]
[EventType "swiss"]
[EventRounds "9"]
[EventCountry "PER"]
[SourceTitle "CB06_2025"]
[SourceDate "2025.02.05"]
[SourceVersion "1"]
[SourceVersionDate "2025.02.05"]
[SourceQuality "1"]

1. c4 e6 2. Nc3 Nf6 3. d4 d5 4. Bf4 Be7 5. Nf3 0-0 6. e3 a6 7. a4 b6 8. Bd3 Bb7 9. 0-0 Nbd7 10. Qe2 Ne4 11. Nd2 f5 12. f3 Nxc3 13. bxc3 c6 14. e4 fxe4 15. fxe4 Nf6 16. e5 Ne8 17. Qh5 Rf5 18. Bxf5 exf5 19. Qxf5 Bc8 20. Qh5 Be6 21. cxd5 cxd5 22. Qf3 Nc7 23. Qg3 Bh4 24. Qe3 b5 25. a5 Be7 26. Nf3 h6 27. Qd3 Qd7 28. Qg6 Bf7 29. Qg3 Kh7 30. e6 Nxe6 31. Ne5 Qe8 32. Bxh6 Bg6 33. Bd2 Bd6 34. Qh3+ Kg8 35. Rae1 Be4 36. Nf7 Bc7 37. Qh8# 1-0

[Event "Cusco zt 2.4"]
[Site "Cusco"]
[Date "2025.02.01"]
[Round "7"]
[White "Condori Lima, Baruc Sami"]
[Black "Ccoica Pineda, Daryl Merlle Da"]
[Result "1-0"]
[WhiteElo "1829"]
[BlackElo "1492"]
[PlyCount "61"]
[EventDate "2025.01.28"]
[EventType "swiss"]
[EventRounds "9"]
[EventCountry "PER"]
[SourceTitle "CB06_2025"]
[SourceDate "2025.02.05"]
[SourceVersion "1"]
[SourceVersionDate "2025.02.05"]
[SourceQuality "1"]

1. c4 f5 2. d4 e6 3. Nc3 Bb4 4. Nf3 Bxc3+ 5. bxc3 Nf6 6. Ba3 d6 7. e3 Ne4 8. Qc2 Nd7 9. Bd3 Ndf6 10. Nd2 Nxd2 11. Qxd2 0-0 12. 0-0 Bd7 13. d5 e5 14. c5 e4 15. Bc4 Qe7 16. Rab1 b6 17. cxd6 cxd6 18. Ba6 Bc8 19. Bb5 Bb7 20. Bc6 Rac8 21. Bxd6 Qxd6 22. Bxb7 Rc7 23. Ba6 Qxd5 24. Qb2 Qa5 25. Qb3+ Kh8 26. Qb4 Rc5 27. Bb5 Qxb4 28. Rxb4 Rxc3 29. Rd4 Rfc8 30. h3 h6 31. a4 1-0

[Event "Cusco zt 2.4"]
[Site "Cusco"]
[Date "2025.01.31"]
[Round "6"]
[White "Arana Bello, Bruno Josef"]
[Black "Condori Lima, Baruc Sami"]
[Result "0-1"]
[WhiteElo "1577"]
[BlackElo "1829"]
[PlyCount "98"]
[EventDate "2025.01.28"]
[EventType "swiss"]
[EventRounds "9"]
[EventCountry "PER"]
[SourceTitle "CB06_2025"]
[SourceDate "2025.02.05"]
[SourceVersion "1"]
[SourceVersionDate "2025.02.05"]
[SourceQuality "1"]

1. e4 e6 2. d4 d5 3. Nd2 dxe4 4. Nxe4 Nf6 5. Nxf6+ Qxf6 6. Nf3 h6 7. Bd3 Nc6 8. 0-0 Bd6 9. Be3 0-0 10. c4 Rd8 11. a3 a5 12. Qc2 e5 13. d5 Nd4 14. Bxd4 exd4 15. c5 Bf8 16. Be4 b6 17. cxb6 cxb6 18. Rad1 Bg4 19. Rd3 Bd6 20. Nxd4 Qe5 21. Rg3 Qh5 22. f4 Bc5 23. Qc4 Be2 24. Rd3 Bxd3 25. Qxd3 Rxd5 26. Bxd5 Qxd5 27. Kh1 Qxd4 28. Qb3 Rd8 29. f5 Qd3 30. Qxd3 Rxd3 31. g4 Rd2 32. b4 axb4 33. axb4 Bxb4 34. h4 Rd4 35. Rg1 h5 36. g5 Rxh4+ 37. Kg2 Rg4+ 38. Kh1 Rxg1+ 39. Kxg1 g6 40. f6 Bd2 41. Kh1 Bxg5 42. Kg1 b5 43. Kh1 b4 44. Kg1 b3 45. Kf1 b2 46. Kg2 b1Q 47. Kh2 Qf1 48. Kg3 h4+ 49. Kh2 Bf4# 0-1

[Event "Cusco zt 2.4"]
[Site "Cusco"]
[Date "2025.01.30"]
[Round "5"]
[White "Condori Lima, Baruc Sami"]
[Black "Montevilla Cahuasa, Jonathan Isaac"]
[Result "0-1"]
[WhiteElo "1829"]
[BlackElo "2066"]
[PlyCount "78"]
[EventDate "2025.01.28"]
[EventType "swiss"]
[EventRounds "9"]
[EventCountry "PER"]
[SourceTitle "CB06_2025"]
[SourceDate "2025.02.05"]
[SourceVersion "1"]
[SourceVersionDate "2025.02.05"]
[SourceQuality "1"]

1. c4 e5 2. Nc3 Nf6 3. Nf3 Nc6 4. d4 exd4 5. Nxd4 Bb4 6. Nxc6 Bxc3+ 7. bxc3 bxc6 8. Ba3 d6 9. c5 d5 10. Qd4 Ba6 11. Qe5+ Qe7 12. Qxe7+ Kxe7 13. f3 Rhb8 14. Kd2 Nd7 15. Ke3 Rb5 16. Kd4 Ra5 17. Bc1 Ra4+ 18. Ke3 Nxc5 19. Rb1 Rxa2 20. Kf4 Ne6+ 21. Ke3 Bc4 22. Bb2 Kd7 23. Kd2 Rb8 24. Kc2 Nc5 25. Kc1 a5 26. g3 a4 27. Bh3+ Kd6 28. Rd1 a3 29. Bxa3 Rxb1+ 30. Kxb1 Rxa3 31. e4 Rxc3 32. Bg2 Rb3+ 33. Ka1 Ra3+ 34. Kb1 Na4 35. e5+ Kxe5 36. Re1+ Kd4 37. Re7 Bd3+ 38. Kc1 Kc3 39. Re6 Ra1# 0-1